000 02038cam a2200169 4500500
005 20260111091235.0
041 _afre
042 _adc
100 1 0 _aJoassart, Bernard
_eauthor
245 0 0 _aSesboüé B., Jésus-Christ l’unique médiateur. Essai sur la rédemption et le salut, t. 1 : Problématique et relecture doctrinale, coll. Jésus et Jésus-Christ 33, Paris, Desclée,22003, 23x15, 400 p., 27 €. ISBN 2-7189-0972-2
260 _c2005.
500 _a97
520 _aL’anniversaire des lois françaises de 1905 montre à quel point reste vif le débat sur la laïcité, et combien il reste difficile pour les Églises de penser ce débat en lui-même et pas seulement en fonction de ses répercussions religieuses. Pour aider à cette objectivation du débat, deux mises en perspective font saisir l’instabilité théorique d’une laïcité divisée entre concept de la raison pure et idée de la raison historique. Ces deux perspectives se croisent autour d’une crise de la citoyenneté : c’est sans doute par rapport à cette crise qu’il revient aujourd’hui à la tradition chrétienne de recevoir théologiquement la question de la laïcité.
520 _aOn the occasion of the anniversary of the promulgation of the French laws of 1905, the A. evokes the topicality of the debate concerning secularism, and the difficulty encountered by the Church to focus on that debate without reference to its religious connotation. In order to throw an objective light on the question, we ought to take into consideration the theoretical instability of a secularism which has to deal with two viewpoints : pure reason and historical consideration. These two views meet around a citizenship crisis, a crisis which invites the Church to offer a theological solution to the problem of secularism.
786 0 _nNouvelle revue théologique | 127 | 4 | 2005-12-15 | p. 623b-624b | 0029-4845
856 4 1 _uhttps://shs.cairn.info/revue-nouvelle-revue-theologique-2005-4-page-623b?lang=fr&redirect-ssocas=7080
999 _c1620727
_d1620727